000
00307nam a22001337a 4500
008
180314b xxu||||| |||| 00| 0 eng d
020
_a
9781851525195
041
_a
eng
080
_a
030
100
_a
24
101
_a
enc
245
_a
the larouse encyclopedia mythology
_c
graves.r
942
_2
udc
_c
BK
999
_c
44989
_d
44989